<The> Value Added Tax Incidence – the Case of the Book Market in CEE Countries

Analýza dopadu dane z pridanej hodnoty na knihy - na koho (spotrebitelia, kapitál, pracovná sila) a do akej miery došlo k posunu daňového zaťaženia - na údajoch z obdobia 2003-2012 v krajinách V4.

Guardado en:
Detalles Bibliográficos
Autor principal: Bernal, Arkadiusz
Formato: Capítulo de libro
Lenguaje:inglés
Materias:
Etiquetas: Agregar Etiqueta
Sin Etiquetas, Sea el primero en etiquetar este registro!

MARC

LEADER 00000nla a2200000 4500
001 0242498
005 20240417075137.4
041 0 |a eng 
044 |a CZ 
245 1 0 |a <The> Value Added Tax Incidence – the Case of the Book Market in CEE Countries  |c Arkadiusz Bernal 
520 |a Analýza dopadu dane z pridanej hodnoty na knihy - na koho (spotrebitelia, kapitál, pracovná sila) a do akej miery došlo k posunu daňového zaťaženia - na údajoch z obdobia 2003-2012 v krajinách V4. 
610 2 0 |a politika fiškálna 
610 2 0 |a dane 
610 2 0 |a dane z hodnoty pridanej 
610 2 0 |a sadzby daňové 
610 2 0 |a zaťaženie daňové 
610 2 0 |a trh 
610 2 0 |a knihy 
610 2 0 |a firmy 
610 2 0 |a domácnosti 
610 2 0 |a mzdy 
610 2 0 |a Vyšehradská štvorka 
610 2 0 |a Slovensko 
610 2 0 |a Česko 
610 2 0 |a Maďarsko 
610 2 0 |a Poľsko 
610 2 0 |a SVE 
100 1 |a Bernal, Arkadiusz